000 nam a22 a 4500
999 _c424880
_d424880
003 BLK
005 20220509105801.0
008 181212b bu |||gr|||| 00| 0 bu d
020 _a9786191865994
040 _aBLK
041 _aBUL
_cBUL
080 _aБългарска литература
_b821.163.2
_x-3
_z821.163.2-3
100 _9347904
_aЙорданова, Димана Димова
_eпърви автор
139 _aЙорданова, Димана Димова
_bИ 83
245 _aПисма до Ния, която не родих
_bПроза
_cДимана Йорданова
257 _aBGR
260 _9209682
_aПловдив
_bЖанет 45
_c2020
300 _a99 с.
_c20 см
380 _aX
852 _aЦб 308123
942 _cKNG
_n0
_s1
_03
944 _aCR
_c2021-07-22
_kНР
999 _d424880